| 000 | 00700nam a2200229 u 4500 | ||
|---|---|---|---|
| 005 | 20230310063623.0 | ||
| 008 | 170731s1984 r 000 0 eng d | ||
| 020 | _a9688470627 | ||
| 035 | _aUPN01000219184 | ||
| 049 | _aCG | ||
| 050 | 4 |
_aPR6013 R1.2 _bN8.3a |
|
| 100 | 1 |
_aGreene, Graham, _d1904-1991 _928382 |
|
| 245 | 1 | 0 |
_aNuestro hombre en la Habana / _cGraham Greene ; tr. Marisa Martínez. |
| 260 |
_aMéxico : _bSeix Barral, _c1984. |
||
| 300 | _a226 p. | ||
| 440 | 0 |
_aObras maestras del siglo XX ; _v34 |
|
| 534 |
_pTítulo original: _tOur man in Havana |
||
| 650 | 4 |
_aNovela inglesa _94471 |
|
| 650 | 4 |
_aDETECTIVES - _vLITERATURA JUVENIL _910860 |
|
| 905 | _aLibro | ||
| 999 |
_c191284 _d191284 |
||